000 00731nam a2200205Ia 4500
003 GCL
008 140319s9999 xx 000 0 eng d
020 _a0275942554
040 _aGCL /
_cGCL
082 0 4 _a338.947
_bH F
100 1 _aHANSON, PHILIP
245 1 0 _aFROM STAGNATION TO CATASTROIKA :
_bCOMMENTARIES ON THE SOVIET ECONOMY, 1983 - 1991 /
_cHANSON, PHILIP
260 _aنيويورك :
_bTHE CENTER FOR STRATEGIC AND INTER . STUDIES ،
_c1992
300 _a17 CM ؛
_cIX, 243 P
490 _aTHE WASHINGTON PAPERS
_v0
650 0 4 _aSOVIET UNION - ECONOMIC POLICY - 1986 - 1991
650 0 4 _aSOVIET UNION - ECONOMIC CONDITIONS - 1985
650 0 4 _aSOVIET UNION - ECONOMIC CONDITIONS - 1975 - 1985
942 _2ddc
_cBK
999 _c4829
_d4829